Niektoré možnosti automatizácie evidenčných činnosti

Možnosti automatizácie evidenčných činností priemyselných procesov, prinášajú ďalšie možnosti získania presného aktuálneho stavu výroby. Zníženie nákladov, odbremenenie pracovníkov, odstránenie chybovosti a zabránenie duplicitnej evidencii.

Guardado en:
Detalles Bibliográficos
Autor principal: Šebej, Peter
Formato: Capítulo de libro
Lenguaje:eslovaco
Materias:
Etiquetas: Agregar Etiqueta
Sin Etiquetas, Sea el primero en etiquetar este registro!

MARC

LEADER 00000nla a2200000 4500
001 0166621
005 20221104125918.8
041 0 |a slo 
044 |a CZ 
245 1 0 |a Niektoré možnosti automatizácie evidenčných činnosti  |c Peter Šebej 
520 |a Možnosti automatizácie evidenčných činností priemyselných procesov, prinášajú ďalšie možnosti získania presného aktuálneho stavu výroby. Zníženie nákladov, odbremenenie pracovníkov, odstránenie chybovosti a zabránenie duplicitnej evidencii. 
610 2 0 |a technológie informačné 
610 2 0 |a technológie komunikačné 
610 2 0 |a snímače 
610 2 0 |a terminály 
610 2 0 |a evidencia 
610 2 0 |a identifikácia vysokofrekvenčná 
100 1 |a Šebej, Peter